01001cam a22002532 45000010005000000030008000050050017000130080039000300350050000690400042001190410008001610820021001691000042001902450100002322600037003323000051003694900042004205040020004626510060004827000039005429420012005819990015005939520139006084435BD-RjUL20211208233906.0131222s1950 nyuabh 001 0 eng aOCLC ocm00813001 from D970512Ma(BD-RjUL)4470 aDLCcCWRdNRCdUKMdEQOdBD-RjULbeng aeng a342.73bDIA 19501 aDixon, Robert Galloway,d1920-91401810aAmerican government : cby Robert G. Dixon and Elmer Plischke.bbasic documents and materials / aNew York :bVan Nostrand,cc1950 axx, 420 p. :billus., maps, facsims. ;c26 cm.0 aVan Nostrand political science series aIncludes Index. 0aUnited StatesxPolitics and governmentvSources.9140191 aPlischke, Elmer,d1914-2005914020 2ddccBK c4435d4435 00102ddc40718NFICaRUCLbRUCLcReadingd1958-02-26eUSIS Dhakag0.00l0o342.73 DIA 1950r2013-12-22 00:00:00tC-1w2021-12-08yBK